Parecidos de familia /
Se reseña el libro "The Narcissism of Minor Differences", de Peter Baldwin, el cual describe las críticas realizadas desde Europa Occidental hacia los Estados Unidos, en aspectos relacionados a seguridad interna, desempleo y reformas económicas, y plantea una serie de datos que refutan la...
Guardado en:
| Hovedforfatter: | |
|---|---|
| Format: | Texto |
| Fag: | |
| Tags: |
Tilføj Tag
Ingen Tags, Vær først til at tagge denne postø!
|
MARC
| LEADER | 00000 a a2200000 04500 | ||
|---|---|---|---|
| 001 | 41462 | ||
| 003 | |||
| 040 | |||
| 100 | |a Mann, Michael | ||
| 245 | |a Parecidos de familia / |c Michael Mann | ||
| 520 | |a Se reseña el libro "The Narcissism of Minor Differences", de Peter Baldwin, el cual describe las críticas realizadas desde Europa Occidental hacia los Estados Unidos, en aspectos relacionados a seguridad interna, desempleo y reformas económicas, y plantea una serie de datos que refutan la supuesta diferencia entre ambas regiones, y desmiente la superioridad sociopolítica europea con respecto a la norteamericana. | ||
| 590 | |a EFU/NOVIEMBRE2011 | ||
| 650 | |a 1.RESEÑAS BIBLIOGRAFICAS | ||
| 650 | |a 2.ESTADOS UNIDOS | ||
| 650 | |a 3.EUROPA | ||
| 650 | |a 4.RELACIONES INTERNACIONALES | ||
| 773 | |g número63 ( , 2010), páginas 137-147 | ||
| 999 | |c 30545 |d 30545 | ||
